000 00713 a2200205 4500
001 53220
005 20260407155806.0
008 260407a1984 arg spa d
003 AR-UNSa-BCEJYS
040 _aAR-UNSa-BCEJYS
_bspa
_cAR-UNSa-BCEJYS
080 _a331.105.44
_xOrganizaciones de empleados. Sindicatos
245 1 0 _aSindicalismo
_pFactor de poder político
020 _a950-14-0195-2
264 1 _aBuenos Aires :
_bEdiciones Depalma
_c1984
300 _a207 p.
_c20 cm.
505 _a1. El sindicalismo - 2. El dirigente sindical -3. El poder sindical - 4. Institucionalización del sindicalismo
942 _cBK
590 _aniveau_biblio:m niveau_hierar:0
100 1 _adel Castillo, Efraín Raúl
999 _c5139
_d5139